<?xml version="1.0" encoding="UTF-8"?>
<collection xmlns="http://www.loc.gov/MARC21/slim">
 <record>
  <leader>00739cam a2200169 7i4500</leader>
  <controlfield tag="001">0000140564</controlfield>
  <controlfield tag="005">20080907090000.0</controlfield>
  <controlfield tag="002">  0000005645</controlfield>
  <datafield tag="090" ind1="0" ind2="0">
   <subfield code="a">LP 11 FASM 1 2007 </subfield>
  </datafield>
  <datafield tag="100" ind1="1" ind2="#">
   <subfield code="a">Loh, Kha Liang </subfield>
  </datafield>
  <datafield tag="245" ind1="1" ind2="0">
   <subfield code="a">Isolation and identification of Citrobacter spp. from Tilapia (Oreochromis spp.)  </subfield>
   <subfield code="c">Loh Kha Liang.</subfield>
  </datafield>
  <datafield tag="260" ind1="#" ind2="#">
   <subfield code="a">Terengganu: </subfield>
   <subfield code="b">Universiti Malaysia Terengganu, </subfield>
   <subfield code="c">2007.</subfield>
  </datafield>
  <datafield tag="300" ind1=" " ind2=" ">
   <subfield code="a">xi, 47 p.; </subfield>
   <subfield code="c">30 cm..</subfield>
  </datafield>
  <datafield tag="502" ind1="#" ind2="#">
   <subfield code="a">Project Report FASM (Degree of Bachelor of Science Agrotechnology - Aquaculture) 2007</subfield>
  </datafield>
  <datafield tag="520" ind1="3" ind2="#">
   <subfield code="a">This study was conducted to isolate and identify Citrobacter spp. from tilapia hybrid fry from aquaculture fresh water ponds.</subfield>
  </datafield>
  <datafield tag="602" ind1="#" ind2="#">
   <subfield code="a">Laporan Projek FASM 2007</subfield>
  </datafield>
  <datafield tag="999" ind1=" " ind2=" ">
   <subfield code="a">1100057949</subfield>
   <subfield code="b">Book</subfield>
   <subfield code="c">LAPORAN PROJEK</subfield>
   <subfield code="e">BILIK ARKIB</subfield>
  </datafield>
 </record>
</collection>
